Ont-ils déjà joué sous la direction de... Sam Raimi ? - Statistiques

Statistiques générales
  • Ce quiz a été pris 3 fois
  • Le résultat moyen est 3 sur 10
Answers on the Grid
Answers color-coded by a green-red scale on the quiz's grid according to % correct below.
George Clooney
Amy Adams
Zac Efron
Jennifer Lawrence
Jesse Eisenberg
Emma Watson
Edward Norton
Chloë Grace Moretz
Woody Harrelson
Maggie Gyllenhaal
Sharon Stone
Keanu Reeves
Rachel Weisz
Frances McDormand
Kevin Costner
Bridget Fonda
Justin Long
Chiwetel Ejiofor
Kirsten Dunst
Stan Lee
 
Statistiques - réponses
Réponse % Correct
Justin Long
100%
Stan Lee
100%
Kirsten Dunst
50%
Bridget Fonda
0%
Chiwetel Ejiofor
0%
Frances McDormand
0%
Keanu Reeves
0%
Kevin Costner
0%
Rachel Weisz
0%
Sharon Stone
0%
Aucun quiz correspondant
Distribution des résultats
% des personnes avec chaque résultat
Percentile par nombre de réponses
Votre historique - résultats
Vous n’avez pas pris ce quiz